[Event "DEM U14w 2017"]
[Site "Willingen GER"]
[Date "2017.06.06"]
[Round "4"]
[White "Rothenberg, Nina"]
[Black "Berelowitsch, Dana"]
[Result "0-1"]
[Termination "normal"]
[Board "3"]
[WhiteElo "1594"]
[BlackElo "1646"]
[WhiteClock "00:28:13"]
[BlackClock "00:10:28"]
[PlyCount "64"]
[WhiteFideId "16208943"]
[BlackFideId "12977144"]
[EventCountry "GER"]
[EventRounds "9"]
[EventType "swiss"]
[EventDate "2017.06.03"]

1. e4 {[%clk 1:30:58]} 1... c5 {[%clk 1:30:57]} 2. Nc3 {[%clk 1:31:22]} 2... g6
{[%clk 1:31:22]} 3. g3 {[%clk 1:31:46]} 3... Bg7 {[%clk 1:31:39]} 4. Bg2 {
[%clk 1:31:59]} 4... Nc6 {[%clk 1:31:59]} 5. d3 {[%clk 1:32:17]} 5... Nf6 {
[%clk 1:31:59]} 6. Be3 {[%clk 1:31:32]} 6... d6 {[%clk 1:32:22]} 7. h3 { [%clk
1:30:59]} 7... O-O {[%clk 1:32:23]} 8. Qd2 {[%clk 1:30:32]} 8... a6 { [%clk
1:30:44]} 9. Nge2 {[%clk 1:27:31]} 9... Bd7 {[%clk 1:16:32]} 10. Bh6 { [%clk
1:21:49]} 10... Rb8 {[%clk 1:14:12]} 11. Bxg7 {[%clk 1:19:01]} 11... Kxg7
{[%clk 1:13:30]} 12. O-O {[%clk 1:09:24]} 12... b5 {[%clk 1:07:21]} 13. Nf4 {
[%clk 1:04:14]} 13... Nd4 {[%clk 1:02:28]} 14. Ncd5 {[%clk 1:03:43]} 14... Nxd5
{[%clk 1:00:20]} 15. Nxd5 Bxh3 16. c3 {[%clk 1:02:18]} 16... Bxg2 { [%clk
0:59:16]} 17. Kxg2 {[%clk 1:02:36]} 17... e6 {[%clk 0:48:07]} 18. Rh1 { [%clk
0:56:02]} 18... h5 {[%clk 0:45:17]} 19. Nf4 {[%clk 0:48:52]} 19... Nc6 { [%clk
0:45:04]} 20. Rh2 {[%clk 0:46:46]} 20... Rh8 {[%clk 0:40:12]} 21. Rah1 { [%clk
0:45:35]} 21... Qe7 {[%clk 0:32:50]} 22. Nh3 {[%clk 0:41:40]} 22... Ne5 { [%clk
0:27:02]} 23. Ng1 {[%clk 0:39:37]} 23... Qf6 {[%clk 0:18:52]} 24. f3 { [%clk
0:37:57]} 24... Rh7 {[%clk 0:17:04]} 25. g4 {[%clk 0:33:57]} 25... Rbh8 { [%clk
0:16:35]} 26. gxh5 {[%clk 0:32:53]} 26... Rxh5 {[%clk 0:16:27]} 27. Rxh5 {[%clk
0:32:41]} 27... Rxh5 {[%clk 0:15:55]} 28. Rxh5 {[%clk 0:33:05]} 28... gxh5
{[%clk 0:16:20]} 29. Qe2 {[%clk 0:30:46]} 29... Qg5+ {[%clk 0:13:30]} 30. Kf2
{[%clk 0:29:09]} 30... h4 {[%clk 0:13:29]} 31. a3 {[%clk 0:27:56]} 31... Qg3+
{[%clk 0:10:28]} 32. Kf1 {[%clk 0:28:13]} 32... h3 {[%clk 0:10:28]} 0-1

[Event "DEM U14w 2017"]
[Site "Willingen GER"]
[Date "2017.06.06"]
[Round "4"]
[White "Wagner, Victoria"]
[Black "Glinzner, Alva"]
[Result "0-1"]
[Termination "normal"]
[Board "4"]
[WhiteElo "1499"]
[BlackElo "1750"]
[WhiteClock "00:09:29"]
[BlackClock "00:39:05"]
[PlyCount "78"]
[WhiteFideId "16232348"]
[BlackFideId "16206169"]
[EventCountry "GER"]
[EventRounds "9"]
[EventType "swiss"]
[EventDate "2017.06.03"]

1. e4 {[%clk 1:30:58]} 1... c5 {[%clk 1:30:57]} 2. Nf3 {[%clk 1:31:19]} 2... e6
{[%clk 1:31:24]} 3. d4 {[%clk 1:31:31]} 3... cxd4 {[%clk 1:31:50]} 4. Nxd4 {
[%clk 1:31:56]} 4... a6 {[%clk 1:32:18]} 5. Nc3 {[%clk 1:29:55]} 5... Qc7 {
[%clk 1:32:37]} 6. f4 {[%clk 1:25:14]} 6... d6 {[%clk 1:31:59]} 7. Bd3 { [%clk
1:21:21]} 7... Nf6 {[%clk 1:30:28]} 8. Qe2 {[%clk 1:16:54]} 8... Nbd7 { [%clk
1:30:06]} 9. Nb3 {[%clk 1:10:00]} 9... b5 {[%clk 1:28:18]} 10. a3 { [%clk
1:06:42]} 10... Bb7 {[%clk 1:28:26]} 11. Bd2 {[%clk 1:04:41]} 11... Be7 { [%clk
1:26:05]} 12. g4 {[%clk 1:00:55]} 12... h6 {[%clk 1:24:41]} 13. h4 { [%clk
0:55:14]} 13... Rc8 {[%clk 1:19:07]} 14. Rh2 {[%clk 0:47:47]} 14... Nc5 { [%clk
1:12:52]} 15. Nxc5 {[%clk 0:46:15]} 15... dxc5 {[%clk 1:07:31]} 16. g5 { [%clk
0:41:54]} 16... Nd7 {[%clk 1:03:13]} 17. Qf2 {[%clk 0:37:44]} 17... c4 { [%clk
1:02:43]} 18. Be2 {[%clk 0:36:42]} 18... Bc5 {[%clk 1:01:52]} 19. Qg3 { [%clk
0:35:59]} 19... Bd4 {[%clk 0:59:47]} 20. g6 {[%clk 0:32:11]} 20... f6 { [%clk
0:58:19]} 21. Qh3 {[%clk 0:30:18]} 21... Ke7 {[%clk 0:56:51]} 22. f5 { [%clk
0:29:05]} 22... e5 {[%clk 0:56:35]} 23. Nd5+ {[%clk 0:28:35]} 23... Bxd5 {[%clk
0:57:01]} 24. exd5 {[%clk 0:28:56]} 24... c3 {[%clk 0:48:42]} 25. bxc3 { [%clk
0:26:35]} 25... Bxc3 {[%clk 0:48:55]} 26. Bxc3 {[%clk 0:25:14]} 26... Qxc3+
{[%clk 0:49:20]} 27. Qxc3 {[%clk 0:25:38]} 27... Rxc3 {[%clk 0:49:48]} 28. Bd3
{[%clk 0:23:13]} 28... Kd6 {[%clk 0:47:57]} 29. a4 {[%clk 0:20:28]} 29... bxa4
{[%clk 0:45:08]} 30. Bxa6 {[%clk 0:20:04]} 30... Ra8 {[%clk 0:40:04] } 31. Bb5
{[%clk 0:19:31]} 31... Nc5 {[%clk 0:40:13]} 32. Re2 {[%clk 0:16:22]} 32... Rh3
{[%clk 0:39:41]} 33. c4 {[%clk 0:13:15]} 33... Rh1+ {[%clk 0:40:05]} 34. Kf2
{[%clk 0:11:33]} 34... Rxa1 {[%clk 0:40:31]} 35. Bc6 {[%clk 0:11:37]} 35... Rb8
{[%clk 0:39:46]} 36. Kg2 {[%clk 0:09:50]} 36... a3 {[%clk 0:39:58]} 37. Re3
{[%clk 0:09:25]} 37... Rb2+ {[%clk 0:39:29]} 38. Kg3 {[%clk 0:09:15]} 38...
Rg1+ {[%clk 0:39:05]} 39. Kh3 {[%clk 0:09:29]} 39... a2 0-1

[Event "DEM U14w 2017"]
[Site "Willingen GER"]
[Date "2017.06.06"]
[Round "4"]
[White "Schneider, Katharina"]
[Black "Ortlepp, Klaudia"]
[Result "1/2-1/2"]
[Termination "normal"]
[Board "5"]
[WhiteElo "1493"]
[BlackElo "1631"]
[WhiteClock "00:30:16"]
[BlackClock "00:55:47"]
[PlyCount "133"]
[WhiteFideId "16200519"]
[BlackFideId "16206045"]
[EventCountry "GER"]
[EventRounds "9"]
[EventType "swiss"]
[EventDate "2017.06.03"]

1. e4 {[%clk 1:31:29]} 1... e5 {[%clk 1:31:22]} 2. Nf3 {[%clk 1:31:54]} 2...
Nc6 {[%clk 1:31:45]} 3. Bc4 {[%clk 1:32:19]} 3... Bc5 {[%clk 1:32:06]} 4. c3 {
[%clk 1:32:28]} 4... Nf6 {[%clk 1:32:08]} 5. d4 {[%clk 1:32:36]} 5... exd4 {
[%clk 1:32:27]} 6. cxd4 {[%clk 1:32:59]} 6... Bb4+ {[%clk 1:32:49]} 7. Bd2 {
[%clk 1:33:14]} 7... Qe7 {[%clk 1:31:06]} 8. O-O {[%clk 1:25:32]} 8... O-O {
[%clk 1:29:42]} 9. a3 {[%clk 1:21:23]} 9... Bxd2 {[%clk 1:27:15]} 10. Nbxd2 {
[%clk 1:19:54]} 10... d6 {[%clk 1:26:44]} 11. h3 {[%clk 1:18:00]} 11... Nh5 {
[%clk 1:22:48]} 12. e5 {[%clk 1:05:10]} 12... Nf4 {[%clk 1:20:28]} 13. exd6 {
[%clk 1:00:38]} 13... Qxd6 {[%clk 1:18:43]} 14. Ne4 {[%clk 0:58:34]} 14... Qg6
{[%clk 1:15:47]} 15. Ng3 {[%clk 0:57:51]} 15... h5 {[%clk 1:13:28]} 16. Qd2 {
[%clk 0:55:33]} 16... Qh6 {[%clk 1:11:57]} 17. Ne2 {[%clk 0:47:31]} 17... Nxe2+
{[%clk 1:08:38]} 18. Bxe2 {[%clk 0:46:04]} 18... Qxd2 {[%clk 1:07:06]} 19. Nxd2
{[%clk 0:46:30]} 19... g6 {[%clk 1:06:12]} 20. Nf3 {[%clk 0:45:41]} 20... Rd8 {
[%clk 1:05:21]} 21. Rfd1 {[%clk 0:44:06]} 21... Be6 {[%clk 1:05:06]} 22. Rac1 {
[%clk 0:41:15]} 22... f6 {[%clk 0:59:22]} 23. Bc4 {[%clk 0:40:07]} 23... Bxc4 {
[%clk 0:59:36]} 24. Rxc4 {[%clk 0:40:31]} 24... Rd5 {[%clk 0:59:41]} 25. b4 {
[%clk 0:35:57]} 25... a5 {[%clk 0:56:43]} 26. Rb1 {[%clk 0:30:42]} 26... axb4 {
[%clk 0:53:52]} 27. axb4 {[%clk 0:30:54]} 27... Ra4 {[%clk 0:54:06]} 28. Rc5 {
[%clk 0:29:20]} 28... Rxc5 {[%clk 0:48:21]} 29. bxc5 {[%clk 0:29:40]} 29...
Nxd4 {[%clk 0:47:01]} 30. Nxd4 {[%clk 0:27:46]} 30... Rxd4 {[%clk 0:47:21]} 31.
Rxb7 {[%clk 0:28:14]} 31... Rd1+ {[%clk 0:47:28]} 32. Kh2 {[%clk 0:28:34]}
32... Rd7 {[%clk 0:47:39]} 33. Kg3 {[%clk 0:27:13]} 33... Kf7 {[%clk 0:47:15]}
34. Kf4 {[%clk 0:26:58]} 34... Ke6 {[%clk 0:47:03]} 35. Rb5 {[%clk 0:25:10]}
35... Kd5 {[%clk 0:45:50]} 36. Ra5 {[%clk 0:24:35]} 36... Re7 {[%clk 0:45:11]}
37. f3 {[%clk 0:21:57]} 37... c6 {[%clk 0:42:30]} 38. g4 {[%clk 0:20:33]} 38...
h4 {[%clk 0:42:46]} 39. Ra8 {[%clk 0:17:18]} 39... Re5 {[%clk 0:42:02]} 40.
Rd8+ {[%clk 0:17:40]} 40... Kxc5 {[%clk 0:42:01]} 41. g5 {[%clk 0:17:22]} 41...
Rxg5 {[%clk 0:41:42]} 42. Rf8 {[%clk 0:16:03]} 42... Rf5+ {[%clk 0:41:56]} 43.
Kg4 {[%clk 0:16:18]} 43... Kd4 {[%clk 0:42:07]} 44. Rg8 {[%clk 0:15:48]} 44...
Rg5+ {[%clk 0:41:59]} 45. Kxh4 {[%clk 0:15:10]} 45... Rg1 {[%clk 0:41:22]} 46.
Rf8 {[%clk 0:14:42]} 46... f5 {[%clk 0:41:39]} 47. Rf6 {[%clk 0:14:32]} 47...
c5 {[%clk 0:41:47]} 48. Re6 {[%clk 0:14:24]} 48... c4 {[%clk 0:41:50]} 49. f4 {
[%clk 0:14:12]} 49... Rh1 {[%clk 0:40:06]} 50. Rxg6 {[%clk 0:13:34]} 50... c3 {
[%clk 0:40:08]} 51. Rc6 {[%clk 0:12:24]} 51... Rh2 {[%clk 0:39:12]} 52. Kg5 {
[%clk 0:12:37]} 52... c2 {[%clk 0:39:07]} 53. Kxf5 {[%clk 0:12:21]} 53... Kd3 {
[%clk 0:38:08]} 54. Rd6+ {[%clk 0:10:06]} 54... Kc3 {[%clk 0:38:22]} 55. Rc6+ {
[%clk 0:10:28]} 55... Kb2 {[%clk 0:38:29]} 56. Rb6+ {[%clk 0:10:31]} 56... Kc1
{[%clk 0:38:53]} 57. Kg4 {[%clk 0:09:41]} 57... Rh1 {[%clk 0:38:42]} 58. f5 {
[%clk 0:08:57]} 58... Kd2 {[%clk 0:38:40]} 59. Rc6 {[%clk 0:09:04]} 59... c1=Q
{[%clk 0:37:16]} 60. Rxc1 {[%clk 0:09:29]} 60... Rxc1 {[%clk 0:36:58]} 61. f6 {
[%clk 0:07:08]} 61... Ke3 {[%clk 0:35:22]} 62. Kg5 {[%clk 0:06:45]} 62... Ke4 {
[%clk 0:35:07]} 63. h4 {[%clk 0:04:22]} 63... Rg1+ {[%clk 0:27:43]} 64. Kh6 {
[%clk 0:02:37]} 64... Rf1 {[%clk 0:26:38]} 65. Kg7 {[%clk 0:00:55]} 65... Rg1+
{[%clk 0:25:46]} 66. Kh6 {[%clk 0:30:06]} 66... Rf1 {[%clk 0:55:47]} 67. Kg7 {
[%clk 0:30:16]} 1/2-1/2

[Event "DEM U14w 2017"]
[Site "Willingen GER"]
[Date "2017.06.06"]
[Round "4"]
[White "Schwegler, Jelena"]
[Black "Khamenya, Vitalia"]
[Result "0-1"]
[Termination "normal"]
[Board "6"]
[WhiteElo "1284"]
[BlackElo "1814"]
[WhiteClock "01:10:43"]
[BlackClock "01:11:09"]
[PlyCount "28"]
[WhiteFideId "16225481"]
[BlackFideId "12959260"]
[EventCountry "GER"]
[EventRounds "9"]
[EventType "swiss"]
[EventDate "2017.06.03"]

1. e4 {[%clk 1:30:58]} 1... e6 {[%clk 1:30:53]} 2. d4 {[%clk 1:31:23]} 2... d5
{[%clk 1:31:19]} 3. Nc3 {[%clk 1:31:48]} 3... Nf6 {[%clk 1:30:44]} 4. Bg5 {
[%clk 1:32:04]} 4... Be7 {[%clk 1:29:52]} 5. h4 {[%clk 1:31:49]} 5... h6 {
[%clk 1:29:03]} 6. Bxf6 {[%clk 1:25:50]} 6... Bxf6 {[%clk 1:28:57]} 7. e5 {
[%clk 1:26:02]} 7... Be7 {[%clk 1:19:55]} 8. Nce2 {[%clk 1:23:09]} 8... Bxh4 {
[%clk 1:18:30]} 9. Nf3 {[%clk 1:20:25]} 9... Be7 {[%clk 1:17:45]} 10. Nf4 {
[%clk 1:17:10]} 10... c5 {[%clk 1:12:55]} 11. c3 {[%clk 1:15:30]} 11... Qb6 {
[%clk 1:11:43]} 12. Qc2 {[%clk 1:12:02]} 12... Nc6 {[%clk 1:10:36]} 13. Qd2 {
[%clk 1:10:24]} 13... cxd4 {[%clk 1:10:44]} 14. cxd4 {[%clk 1:10:43]} 14... Bb4
{[%clk 1:11:09]} 0-1

[Event "DEM U14w 2017"]
[Site "Willingen GER"]
[Date "2017.06.06"]
[Round "4"]
[White "Kunisch, Nina"]
[Black "Abele, Anais"]
[Result "1/2-1/2"]
[Termination "normal"]
[Board "7"]
[WhiteElo "1599"]
[BlackElo "1628"]
[PlyCount "110"]
[WhiteFideId "12982849"]
[BlackFideId "16208927"]
[EventCountry "GER"]
[EventRounds "9"]
[EventType "swiss"]
[EventDate "2017.06.03"]

1. e4 c5 2. c3 d5 3. exd5 Qxd5 4. d4 Nf6 5. Nf3 Bg4 6. Be2 cxd4 7. cxd4 e6 8.
O-O Be7 9. Nc3 Qd8 10. Be3 O-O 11. Qb3 Qc8 12. Rac1 Nc6 13. h3 Bh5 14. d5 exd5
15. Nxd5 Nxd5 16. Qxd5 Bxf3 17. Bxf3 Rd8 18. Qb5 a6 19. Qb6 Bf6 20. Bxc6 bxc6
21. Rxc6 Qb8 22. b3 Qxb6 23. Rxb6 Bd4 24. Bxd4 Rxd4 25. Rc1 g6 26. a4 a5 27.
Rc5 Rd2 28. Rbb5 Rb2 29. Rxa5 Rxa5 30. Rxa5 Rxb3 31. Ra8+ Kg7 32. a5 Kf6 33. a6
Ra3 34. a7 Ke7 35. f3 Ra2 36. Kh2 g5 37. Kg3 h5 38. h4 gxh4+ 39. Kxh4 Ra5 40.
g4 hxg4 41. fxg4 Ra4 42. Kh5 Kf6 43. Kh4 Ra1 44. Kg3 Ra4 45. g5+ Kg7 46. Kf3
Kh7 47. Ke3 Ra3+ 48. Kd4 Ra4+ 49. Ke5 Kg7 50. Kd5 Ra1 51. Kc5 Rc1+ 52. Kb4 Rb1+
53. Kc3 Ra1 54. Kc4 Rc1+ 55. Kb3 Ra1 1/2-1/2

[Event "DEM U14w 2017"]
[Site "Willingen GER"]
[Date "2017.06.06"]
[Round "4"]
[White "Pavlov, Liliane"]
[Black "Zell, Hannah"]
[Result "1-0"]
[Termination "normal"]
[Board "8"]
[WhiteElo "1479"]
[BlackElo "1489"]
[PlyCount "75"]
[WhiteFideId "16225449"]
[BlackFideId "16208900"]
[EventCountry "GER"]
[EventRounds "9"]
[EventType "swiss"]
[EventDate "2017.06.03"]

1. e4 c6 2. Nc3 d5 3. Nf3 Bg4 4. h3 Bxf3 5. Qxf3 e6 6. b3 Nf6 7. Bb2 dxe4 8.
Nxe4 Nxe4 9. Qxe4 Nd7 10. O-O-O Nf6 11. Qf3 Be7 12. Bd3 h6 13. Rde1 Qd5 14. Be4
Nxe4 15. Qxe4 Qxe4 16. Rxe4 Rg8 17. f4 O-O-O 18. f5 Bg5 19. fxe6 fxe6 20. Bc3
Rde8 21. Rhe1 Kd7 22. Rd4+ Kc8 23. Rd6 Rgf8 24. Bxg7 Rf2 25. g3 Rg2 26. h4 Bxh4
27. gxh4 Rxg7 28. Rdxe6 Rxe6 29. Rxe6 Rh7 30. h5 Kd7 31. Rg6 Kc7 32. d3 Kb6 33.
Kd2 Kc5 34. Kc3 a5 35. d4+ Kd5 36. Kd3 b5 37. c4+ bxc4+ 38. bxc4# 1-0

[Event "DEM U14w 2017"]
[Site "Willingen GER"]
[Date "2017.06.06"]
[Round "4"]
[White "Hoffmann, Vanessa"]
[Black "Jung, Karina"]
[Result "1-0"]
[Termination "normal"]
[Board "10"]
[WhiteElo "1022"]
[BlackElo "1614"]
[PlyCount "63"]
[WhiteFideId "16244672"]
[BlackFideId "16222865"]
[EventCountry "GER"]
[EventRounds "9"]
[EventType "swiss"]
[EventDate "2017.06.03"]

1. e4 e5 2. Nc3 Nf6 3. g3 Bc5 4. Bg2 d6 5. h3 Be6 6. Nge2 Nc6 7. O-O d5 8. exd5
Nxd5 9. d3 Qd7 10. Kh2 O-O-O 11. f4 f6 12. fxe5 fxe5 13. Ne4 Bb6 14. a3 h6 15.
c4 Ne3 16. Bxe3 Bxe3 17. Rf3 Bd4 18. Qc2 g5 19. Nf6 Qg7 20. Nh5 Qg6 21. g4 Bc5
22. Rf6 Qe8 23. b4 Bd6 24. c5 Bf8 25. b5 Nd4 26. Nxd4 exd4 27. Re1 Qxb5 28.
Rfxe6 Bxc5 29. Rb1 Qa5 30. Bxb7+ Kd7 31. Re5 Bd6 32. Qc6# 1-0

[Event "DEM U14w 2017"]
[Site "Willingen GER"]
[Date "2017.06.06"]
[Round "4"]
[White "Ruhmke, Rebecca"]
[Black "Bohrer, Katharina"]
[Result "0-1"]
[Termination "normal"]
[Board "11"]
[WhiteElo "1127"]
[BlackElo "1176"]
[PlyCount "82"]
[WhiteFideId "16235991"]
[BlackFideId "16225457"]
[EventCountry "GER"]
[EventRounds "9"]
[EventType "swiss"]
[EventDate "2017.06.03"]

1. e4 d6 2. d4 Nf6 3. Nc3 g6 4. Be3 c6 5. f3 b5 6. a3 Nbd7 7. Qd2 Nb6 8. O-O-O
a5 9. e5 dxe5 10. dxe5 Qxd2+ 11. Rxd2 Nfd5 12. Nxd5 Nxd5 13. Bf2 Bh6 14. g4 b4
15. a4 Bxd2+ 16. Kxd2 Bb7 17. h4 Rd8 18. Bd3 Nf4 19. Ne2 Nxd3 20. cxd3 O-O 21.
f4 c5 22. Rc1 Ba6 23. Bxc5 Rxd3+ 24. Ke1 Re8 25. h5 Rh3 26. hxg6 hxg6 27. Nd4
Rh1+ 28. Kd2 Rh2+ 29. Ke3 Rh3+ 30. Kf2 Rh2+ 31. Ke3 Rxb2 32. Nb5 Bxb5 33. axb5
a4 34. Bd4 Rb3+ 35. Kd2 Rd8 36. Rc4 a3 37. Kc2 Rh3 38. Rxb4 Rh2+ 39. Kb1 a2+
40. Ka1 Rc8 41. Bb2 Ra8 0-1

[Event "DEM U14w 2017"]
[Site "Willingen GER"]
[Date "2017.06.06"]
[Round "4"]
[White "Sinnhöfer, Lilian"]
[Black "Jacoby, Angelina"]
[Result "0-1"]
[Termination "normal"]
[Board "12"]
[WhiteElo "1477"]
[BlackElo "1244"]
[PlyCount "130"]
[WhiteFideId "12977586"]
[BlackFideId "12999008"]
[EventCountry "GER"]
[EventRounds "9"]
[EventType "swiss"]
[EventDate "2017.06.03"]

1. e4 d5 2. exd5 Qxd5 3. Nc3 Qa5 4. d4 c6 5. Nf3 Nf6 6. Bd2 Qc7 7. Bc4 Bf5 8.
h3 e6 9. Ne5 Bd6 10. Bf4 O-O 11. Qd2 Nbd7 12. Nd3 Nd5 13. Bxd6 Qxd6 14. Ne2
Rfd8 15. c3 e5 16. Nxe5 Nxe5 17. dxe5 Qxe5 18. O-O-O Qe7 19. Nd4 Bg6 20. Rde1
Qc5 21. Bb3 Nb4 22. Re3 Nd5 23. Rg3 Qd6 24. h4 Nf4 25. Bc2 c5 26. Nf3 Qxd2+ 27.
Nxd2 Ne2+ 28. Kd1 Nxg3 29. fxg3 Bxc2+ 30. Kxc2 Re8 31. Rg1 Re2 32. Kd3 Rae8 33.
Rd1 Re1 34. Rxe1 Rxe1 35. Nf3 Ra1 36. a3 Rd1+ 37. Kc2 Rd8 38. b3 f6 39. b4 cxb4
40. axb4 Kf7 41. Nd4 a6 42. Nf5 Rd5 43. Nd4 Rxd4 44. cxd4 Ke6 45. Kd3 Kd5 46.
Kc3 b6 47. g4 a5 48. b5 g6 49. g5 f5 50. g3 a4 51. Kb4 Kxd4 52. Kxa4 Kc4 53.
Ka3 Kxb5 54. Kb3 Kc5 55. Kc3 Kd5 56. Kb4 Ke4 57. Kb5 Kf3 58. Kxb6 Kxg3 59. Kc5
Kg2 60. Kd4 f4 61. Ke4 f3 62. Kf4 f2 63. Kg4 f1=Q 64. h5 Qf3+ 65. Kh4 Qg3# 0-1

[Event "DEM U14w 2017"]
[Site "Willingen GER"]
[Date "2017.06.06"]
[Round "4"]
[White "Fuchs, Emily"]
[Black "Albert, Eske"]
[Result "1/2-1/2"]
[Termination "normal"]
[Board "13"]
[WhiteElo "1225"]
[BlackElo "1415"]
[PlyCount "76"]
[WhiteFideId "16208986"]
[BlackFideId "12991813"]
[EventCountry "GER"]
[EventRounds "9"]
[EventType "swiss"]
[EventDate "2017.06.03"]

1. e4 e5 2. Nf3 Nc6 3. d4 exd4 4. Nxd4 Nf6 5. Nc3 Bb4 6. Nxc6 bxc6 7. Bd3 d5 8.
exd5 cxd5 9. O-O O-O 10. Ne2 c5 11. c3 Ba5 12. Be3 Bb6 13. Kh1 Ng4 14. Qc2 Qh4
15. h3 Nxe3 16. fxe3 c4 17. Bf5 Bxe3 18. Rf3 Bb6 19. Bxc8 Raxc8 20. Rd1 Qe4 21.
Qxe4 dxe4 22. Rf4 e3 23. Nd4 Rcd8 24. Re1 Rfe8 25. g4 Bxd4 26. Rxd4 Rxd4 27.
cxd4 f6 28. Kg2 Rb8 29. Re2 Rd8 30. Kf3 Rxd4 31. Rxe3 Kf7 32. b3 cxb3 33. Rxb3
Rd7 34. Ke4 Ke6 35. h4 g6 36. Ra3 f5+ 37. gxf5+ gxf5+ 38. Kf4 Rd4+ 1/2-1/2

[Event "DEM U14w 2017"]
[Site "Willingen GER"]
[Date "2017.06.08"]
[Round "7"]
[White "Müdder, Melanie"]
[Black "Rothenberg, Nina"]
[Result "1-0"]
[Termination "normal"]
[Board "1"]
[WhiteElo "1769"]
[BlackElo "1594"]
[WhiteClock "00:05:28"]
[BlackClock "00:37:38"]
[PlyCount "129"]
[WhiteFideId "12994103"]
[BlackFideId "16208943"]
[EventCountry "GER"]
[EventRounds "9"]
[EventType "swiss"]
[EventDate "2017.06.03"]

1. e4 e6 2. d4 d5 3. Nd2 Nf6 4. Bd3 c5 5. c3 {[%clk 1:32:18]} 5... Nc6 { [%clk
1:30:27]} 6. Ngf3 {[%clk 1:32:32]} 6... Be7 {[%clk 1:28:18]} 7. O-O { [%clk
1:32:31]} 7... O-O {[%clk 1:27:30]} 8. e5 {[%clk 1:30:55]} 8... Nd7 { [%clk
1:25:44]} 9. Re1 {[%clk 1:30:09]} 9... cxd4 {[%clk 1:21:09]} 10. cxd4 { [%clk
1:29:42]} 10... Qb6 {[%clk 1:20:17]} 11. Nf1 {[%clk 1:24:57]} 11... Kh8 { [%clk
1:15:41]} 12. Bb1 {[%clk 1:11:32]} 12... Bb4 {[%clk 1:13:41]} 13. Re2 { [%clk
1:00:14]} 13... f6 {[%clk 1:10:58]} 14. Qd3 {[%clk 0:50:14]} 14... f5 { [%clk
1:08:19]} 15. a3 {[%clk 0:43:49]} 15... Be7 {[%clk 1:07:08]} 16. h4 { [%clk
0:35:45]} 16... h6 {[%clk 1:04:12]} 17. g4 {[%clk 0:23:15]} 17... Qd8 { [%clk
0:57:31]} 18. g5 {[%clk 0:19:35]} 18... h5 {[%clk 0:54:23]} 19. Ne3 { [%clk
0:16:33]} 19... g6 {[%clk 0:51:39]} 20. Ng2 {[%clk 0:16:15]} 20... Kg7 { [%clk
0:50:22]} 21. Nf4 {[%clk 0:15:01]} 21... Kf7 {[%clk 0:48:28]} 22. Nh2 { [%clk
0:11:36]} 22... Nb6 {[%clk 0:45:56]} 23. b3 {[%clk 0:09:44]} 23... a5 { [%clk
0:43:35]} 24. Ba2 {[%clk 0:08:31]} 24... Bd7 {[%clk 0:41:10]} 25. Bb2 { [%clk
0:07:18]} 25... a4 {[%clk 0:39:31]} 26. b4 {[%clk 0:07:32]} 26... Na7 { [%clk
0:38:29]} 27. Qf3 {[%clk 0:04:43]} 27... Bb5 {[%clk 0:36:44]} 28. Rc2 { [%clk
0:04:48]} 28... Nc4 {[%clk 0:35:47]} 29. Bxc4 {[%clk 0:04:22]} 29... Bxc4
{[%clk 0:36:12]} 30. Nf1 {[%clk 0:03:05]} 30... Nc6 {[%clk 0:34:16]} 31. Ng3 {
[%clk 0:02:32]} 31... Qe8 {[%clk 0:33:04]} 32. Nxg6 {[%clk 0:01:28]} 32... Kxg6
{[%clk 0:31:57]} 33. Qxh5+ {[%clk 0:01:50]} 33... Kg7 {[%clk 0:32:06]} 34. Qh6+
{[%clk 0:02:05]} 34... Kg8 {[%clk 0:31:55]} 35. g6 {[%clk 0:01:38]} 35... Rf7 {
[%clk 0:31:43]} 36. gxf7+ {[%clk 0:01:40]} 36... Qxf7 {[%clk 0:32:07]} 37. Qf4
{[%clk 0:01:16]} 37... Qh7 {[%clk 0:31:47]} 38. Re1 {[%clk 0:00:43]} 38... Bxh4
{[%clk 0:31:16]} 39. Kg2 {[%clk 0:00:49]} 39... Bxg3 {[%clk 0:30:41]} 40. Qxg3+
{[%clk 0:01:11]} 40... Kf7 {[%clk 0:29:48]} 41. Rh1 {[%clk 0:00:34]} 41...
Qxh1+ {[%clk 0:29:05]} 42. Kxh1 {[%clk 0:00:52]} 42... Rh8+ {[%clk 0:29:27]}
43. Kg2 {[%clk 0:26:15]} 43... Rg8 {[%clk 0:59:13]} 44. Qxg8+ {[%clk 0:24:48]}
44... Kxg8 {[%clk 0:59:36]} 45. Rc3 {[%clk 0:24:06]} 45... b5 {[%clk 0:54:53]}
46. Rg3+ {[%clk 0:21:11]} 46... Kf7 {[%clk 0:54:09]} 47. Kh3 {[%clk 0:20:03]}
47... Ne7 {[%clk 0:52:26]} 48. Kh4 {[%clk 0:16:26]} 48... Be2 {[%clk 0:51:06]}
49. Rc3 {[%clk 0:13:37]} 49... Ng6+ {[%clk 0:48:39]} 50. Kg5 {[%clk 0:12:33]}
50... Bc4 {[%clk 0:47:15]} 51. Bc1 {[%clk 0:11:43]} 51... Kg7 {[%clk 0:43:55]}
52. Rg3 {[%clk 0:10:42]} 52... Be2 {[%clk 0:42:37]} 53. f3 {[%clk 0:09:50]}
53... Ne7 {[%clk 0:40:57]} 54. Kh5+ {[%clk 0:09:27]} 54... Kf7 {[%clk 0:40:13]}
55. Kh6 {[%clk 0:08:37]} 55... Nc6 {[%clk 0:39:36]} 56. Bb2 {[%clk 0:08:02]}
56... Nd8 {[%clk 0:39:15]} 57. Rg7+ {[%clk 0:07:29]} 57... Ke8 {[%clk 0:38:52]}
58. f4 {[%clk 0:06:47]} 58... Kf8 {[%clk 0:38:03]} 59. Rc7 {[%clk 0:05:49]}
59... Ke8 {[%clk 0:37:38]} 60. Kg6 {[%clk 0:05:28]} 60... Bd3 61. Kf6 Be4 62.
Re7+ Kf8 63. Rxe6 Nxe6 64. Kxe6 Ke8 65. Bc3 1-0